| 000 | 01386njm a22002537a 4500 | ||
|---|---|---|---|
| 005 | 2010090705175.0 | ||
| 007 | sd ammalaaahaa | ||
| 008 | 100907t xxu||||| |||| 00| 0 hin d | ||
| 028 |
_aN. 53743 _bHis Master's Voice |
||
| 035 | _aGR-00955 | ||
| 040 | _aSED/VEN | ||
| 100 |
_aMohd. Rafi _918673 |
||
| 245 |
_aChhote nawab : _bHindustani / _cby Mohd. Rafi ; music by Rahul Dev Burman ; lyric by Shailendra _h[sound recording] : |
||
| 246 | _aछोटे नवाब (मोहमद रफ़ी ) | ||
| 260 |
_aDum Dum India _bHis Master's Voice |
||
| 300 |
_a1 sound disc [Gramophone record] : _banalog, 33 1/3 rpm _c10 in. _fGramophone Record |
||
| 500 | _aBrief Record | ||
| 505 | _aIlahi tu sun le - chhote nawab part 1 (chhote nawab) (Mohd. Rafi) इलाही तू सुन ले - छोटे नवाब पार्ट 1(छोटे नवाब ) (मोहमद रफ़ी ) aaj huya mera dil matwala - chhote nawab part 2 (chhote nawab) (lata mangeshkar) आज हुआ मेरा दिल मतवाला - छोटे नवाब पार्ट 2 (छोटे नवाब) (लता मंगेशकर ) | ||
| 650 |
_aClasical Music _xExcerpts _zIndia _918674 |
||
| 700 |
_aBurman, Rahul Dev _918675 |
||
| 700 |
_aShailendra _918676 |
||
| 942 |
_2ddc _cGR |
||
| 999 |
_c44118 _d44118 |
||